[Event "17th Aeroflot Open-A 2019"]
[Site "Moscow"]
[Date "2019.02.25"]
[Round "7.16"]
[White "Aleksandrov, Aleksej"]
[Black "Paravyan, David"]
[Result "1/2-1/2"]
[WhiteElo "2574"]
[BlackElo "2627"]
[Annotator "TA"]
[PlyCount "37"]
[EventDate "2019.02.19"]
[EventCountry "RUS"]
[SourceTitle "playchess.com"]
[Source "ChessBase"]
[SourceQuality "1"]

{[%evp 19,37,0,0,-8,0,0,-4,-13,0,0,0,-3,0,0,0,0,0,0,0,0]} 1. d4 Nf6 2. c4 e6 3. Nc3 Bb4 4. e3 b6 5. Bd3 Bb7 6. Nf3 O-O 7. Bd2 d5 8. Rc1 {E52: Nimzo-Indian: Rubinstein: 4...0-0 5 Nf3 d5 6 Bd3 b6} (8. cxd5 exd5 9. Rc1 Be7 10. O-O c5 11. Ne5 Nc6 12. Be1 a6 13. f3 cxd4 14. Nxc6 Bxc6 15. exd4 Bb7 16. Bh4 Nh5 17. Bxe7 Qxe7 {1-0 (59) Yu,Y (2759)-Wang,H (2710) Tianjin 2018}) 8... dxc4 9. Bxc4 a6 10. O-O Nbd7 {LiveBook: 4 Games. The position is equal.} 11. Ne4 Bxd2 $146 ({Predecessor:} 11... Be7 12. Nxf6+ Nxf6 13. Bd3 c5 14. Be2 Ne4 15. dxc5 Bxc5 16. Bc3 Qe7 17. Qc2 Rac8 18. a4 {0-1 (41) Izsak,G (2330)-Petran,P (2470) Budapest 1992}) 12. Nexd2 c5 13. Be2 cxd4 14. Nxd4 Rc8 15. Bf3 Rxc1 16. Qxc1 Qb8 17. Bxb7 Qxb7 18. Qc6 Qb8 19. Rc1 1/2-1/2

[Event "17th Aeroflot Open-A 2019"]
[Site "Moscow"]
[Date "2019.02.25"]
[Round "7.17"]
[White "Grachev, Boris"]
[Black "Antipov, Mikhail Al."]
[Result "1/2-1/2"]
[WhiteElo "2626"]
[BlackElo "2589"]
[Annotator "TA"]
[PlyCount "75"]
[EventDate "2019.02.19"]
[EventCountry "RUS"]
[SourceTitle "playchess.com"]
[Source "ChessBase"]
[SourceQuality "1"]

{[%evp 9,75,4,2,11,39,14,43,39,55,33,56,58,54,59,68,64,64,70,69,65,77,24,26,35,20,11,45,0,11,13,14,14,9,10,30,32,32,0,11,0,29,27,25,0,0,0,0,0,0,0,-6,-5,6,0,0,-25,-13,-15,-6,-15,-15,-15,-15,-33,-22,-22,-22,-22]} 1. Nf3 Nf6 2. c4 c6 3. Nc3 d5 4. e3 a6 5. h3 e6 6. b3 {A11: English Opening: 1...c6} c5 7. Bb2 Nc6 8. cxd5 {White is slightly better.} exd5 9. d4 Qa5 $146 ({Predecessor:} 9... Be6 10. dxc5 Bxc5 11. Bd3 O-O 12. O-O Qe7 {0-1 (63) Artemiev,V (2709)-Laznicka,V (2675) Skopje 2018}) 10. dxc5 Bxc5 11. a3 {[#] Hoping for b4.} Ba7 12. Bd3 O-O 13. O-O Re8 14. Ne2 Ne4 15. Ned4 (15. Rc1 $16) 15... Nxd4 16. Nxd4 Bb8 17. Qh5 {Threatening Nf3.} g6 18. Qh4 (18. Qh6 {feels hotter.} Be5 19. Bxe4 dxe4 20. f4 Bh8 21. f5) 18... Be5 19. b4 Qb6 20. Bxe4 dxe4 21. Rab1 Bf6 22. Qf4 Be5 23. Qh4 Bf6 24. Qf4 Be5 $1 {[%cal Re5f4]} 25. Qg5 Bf6 26. Qc5 Qxc5 27. bxc5 Bd7 28. Ba1 Bxd4 29. Bxd4 Bb5 30. Rfd1 Re6 31. Rb4 Rd8 32. Rdb1 Rd7 33. h4 h5 34. a4 Bc6 35. Rb6 f6 36. a5 Kf7 37. Kh2 g5 38. Rh1 {Accuracy: White = 53%, Black = 65%.} 1/2-1/2

[Event "17th Aeroflot Open-A 2019"]
[Site "Moscow"]
[Date "2019.02.25"]
[Round "7.18"]
[White "Puranik, Abhimanyu"]
[Black "Khismatullin, Denis"]
[Result "0-1"]
[WhiteElo "2538"]
[BlackElo "2621"]
[Annotator "TA"]
[PlyCount "92"]
[EventDate "2019.02.19"]
[EventCountry "RUS"]
[SourceTitle "playchess.com"]
[Source "ChessBase"]
[SourceQuality "1"]

{[%evp 14,92,39,23,43,33,38,17,22,16,12,25,18,2,9,15,19,17,13,13,25,22,25,0,0,0,0,-11,-19,-67,-25,-16,-34,-21,-23,-35,-44,-116,-117,-116,-118,-205,-116,-315,-204,-195,-177,-175,-191,-308,-299,-560,-584,-556,-610,-581,-563,-550,-511,-777,-777,-698,0,0,0,-668,-652,-989,-948,-995,-985,-900,-841,-29965,-29967,-29985,-1597,-1272,-862,-1196,-1200]} 1. e4 d6 2. d4 Nf6 3. Nc3 e5 4. Nf3 Nbd7 5. Bc4 Be7 6. O-O O-O 7. a4 c6 8. Re1 exd4 {C41: Philidor Defence} (8... b6 9. h3 a6 10. Ba2 Rb8 11. Be3 b5 12. axb5 axb5 13. b4 Bb7 14. Bb3 exd4 15. Nxd4 d5 16. exd5 Bxb4 17. Bd2 cxd5 18. Ncxb5 Bxd2 19. Qxd2 {½-½ (30) Kryvoruchko,Y (2705)-Laznicka,V (2671) Brest 2018}) 9. Qxd4 Ne5 10. Be2 Qc7 {The position is equal.} 11. h3 Ng6 12. Be3 Re8 13. a5 $146 ({Predecessor:} 13. Rad1 Nd7 14. Bg5 Bf8 15. Nh4 Nxh4 16. Bxh4 {0-1 (67) Hermann,M (2320)-Vorobiov,E (2583) Bayerisch Eisenstein 2013}) 13... Bd7 14. Qa4 h6 15. Qb3 Bf8 16. Bc4 Be6 17. Bxe6 Rxe6 18. Ra4 Rae8 {[%cal Rf6e4]} 19. Rb4 R6e7 20. Nd2 d5 21. Bxa7 Qxa5 (21... c5 $5 {[%cal Rc5b4]} 22. Ra4 Qc6 $11) 22. Bb6 (22. Rxb7 $2 Rxb7 23. Qxb7 Re7 $19) 22... Qa8 23. Bc5 Rd7 24. Bxf8 Nxf8 25. Na4 (25. Rf1 $15) 25... Qa5 $17 {And now ...c5 would win.} 26. Qc3 dxe4 27. Nb3 (27. Rd4 $17 Qf5 28. Rxd7 N8xd7 29. Nc4) 27... Qg5 ({Black should play} 27... Qh5 $19 {Strongly threatening ...e3!} 28. Rd4 Rxd4 29. Nxd4 Ng6) 28. Qc5 $2 (28. Qg3 $17 {is a better defense.}) 28... Re5 29. Qe3 {[#]} Qg6 $1 {White must now prevent ...Nd5.} 30. Nc3 Ne6 31. Ra4 (31. Kh1 $142) 31... b5 $19 {[%cal Bb7b5,Bb5b4][%mdl 32]} 32. Ra6 $2 (32. Ra8+ {was worth a try.} Kh7 33. Ra5) 32... b4 33. Ne2 Nd5 34. Qg3 Rg5 35. Qh2 e3 36. Rxc6 (36. g4 $142 Qxc2 37. Nbd4 Qxb2 38. fxe3) 36... exf2+ 37. Kxf2 Qe4 $2 (37... Rc7 $2 38. Rxc7 Ndxc7 39. Nd2 $19) ({Better is} 37... Qf5+ $19 38. Kg1 Ne3) 38. Ned4 $1 $11 Qg6 $36 {[%mdl 2048] Black is more active.} 39. Nc5 $2 {[%mdl 8192] [#]} (39. Ne2 $11) 39... Ndf4 $1 $19 {[%cal Rg5g2][%mdl 512]} 40. Ncxe6 {Intending Rc8+ and mate.} Rxg2+ {[%mdl 64] Double Attack} ({Stronger than} 40... Nxe6 41. Nf3 $11) 41. Kf3 Nxe6 (41... Rxh2 $2 42. Rc8+ Kh7 43. Nf8+ Kh8 44. Nfe6+ Kh7 45. Nf8+ Kh8 46. Nxd7+ Kh7 47. Nf8+ {[%mdl 64] Double Attack} Kh8 48. Nxg6+ $18) 42. Nxe6 fxe6 (42... Rxh2 $2 {perishes.} 43. Rc8+ Kh7 44. Nf8+ Kh8 45. Nxg6+ $18) 43. Qb8+ Kh7 44. Qe5 Rdd2 (44... Rg5 $142 45. Qxg5 Qxg5 46. Rcxe6 Rf7+ 47. Ke2 Qg2+ 48. Ke3 Qxc2 49. h4 Qxb2 50. Ke4 Qc2+ 51. Kd5 Rd7+ 52. Ke5 Qc3+ {[%mdl 64] Double Attack} 53. Kf4 Rf7+ 54. Ke4 Qxe1+ {[%mdl 64] Double Attack} 55. Kd5 Rd7+ 56. Rd6 Rxd6+ 57. Kc5 Qe5+ 58. Kxb4 Rc6 59. h5 Qb2+ 60. Ka5 Rc3 61. Ka6 Ra3#) 45. Rc7 Rdf2+ 46. Ke3 Rf5 {Accuracy: White = 38%, Black = 78%.} 0-1

[Event "17th Aeroflot Open-A 2019"]
[Site "Moscow"]
[Date "2019.02.25"]
[Round "7.19"]
[White "Firouzja, Alireza"]
[Black "Sargsyan, Shant"]
[Result "1-0"]
[WhiteElo "2618"]
[BlackElo "2488"]
[Annotator "TA"]
[PlyCount "99"]
[EventDate "2019.02.19"]
[EventCountry "RUS"]
[SourceTitle "playchess.com"]
[Source "ChessBase"]
[SourceQuality "1"]

{[%evp 12,99,6,11,19,7,15,6,14,6,22,16,43,43,65,66,69,73,55,45,49,67,58,50,54,49,64,41,56,46,90,93,106,102,92,92,103,0,92,102,112,73,113,106,127,114,119,109,121,118,273,273,273,273,273,272,262,158,329,320,342,337,340,319,339,312,307,321,320,316,419,411,450,435,490,468,503,487,648,631,502,463,1885,2105,1536,1445,1335,914,842,770]} 1. e4 c6 2. d4 d5 3. e5 Bf5 4. Nf3 e6 5. Be2 c5 6. c3 Nc6 7. O-O cxd4 {B12: Caro-Kann: Advance Variation} 8. Nxd4 Nge7 9. Nxf5 Nxf5 {The position is equal.} 10. Bd3 g6 ({Wrong is} 10... Nxe5 $2 11. Bxf5 exf5 12. Re1 $18) 11. Qe2 Be7 12. Nd2 h5 13. Nf3 Nh4 14. Nxh4 Bxh4 15. f4 {[#]} Be7 $146 16. Be3 Qc7 17. Kh1 a6 18. Bg1 Rc8 19. Rf3 Nd8 20. b4 Qd7 21. a3 Nc6 22. Rd1 Qc7 23. Qc2 Bd8 24. Qe2 ({White should play} 24. c4 $16) 24... Ne7 (24... Be7 $1 $11) 25. Rh3 $36 {[%mdl 2048] White is in control.} Kf8 26. Bd4 Kg7 {[#]} 27. g4 $1 {[%cal Rg4h5]} hxg4 {[#]} 28. Rxh8 $1 ({Reject} 28. Qxg4 $6 Rxh3 29. Qxh3 Qc6 $11) 28... Kxh8 29. Qxg4 Kg7 30. h4 {Strongly threatening h5.} Qc6 $2 (30... Nf5 $16) 31. h5 $18 {Hoping for hxg6.} Bb6 {White must now prevent ...Bxd4.} 32. Qg5 Rh8 33. Qxe7 Bd8 34. b5 Rxh5+ $2 (34... axb5 $16 {keeps fighting.} 35. Qc5 Rxh5+ 36. Kg2 Qe8) 35. Kg2 Bxe7 36. bxc6 bxc6 37. a4 ({Don't take} 37. Bxa6 Bxa3 38. Ra1 Be7 $18) 37... c5 38. Bf2 c4 39. Be2 Rh8 40. Rb1 Ba3 41. Be3 Rc8 42. Rb7 {White is clearly winning.} Bc5 43. Kf2 Bxe3+ 44. Kxe3 {[%mdl 4096] Endgame KRB-KR} g5 {[#]} 45. f5 $1 exf5 46. Bh5 f4+ (46... Rf8 $142 47. Ra7 a5) 47. Kd4 Kh6 48. Bxf7 f3 49. Rb6+ Kg7 50. Rf6 {Accuracy: White = 91%, Black = 33%.} 1-0

[Event "17th Aeroflot Open-A 2019"]
[Site "Moscow"]
[Date "2019.02.25"]
[Round "7.20"]
[White "Sadhwani, Raunak"]
[Black "Van Foreest, Jorden"]
[Result "1/2-1/2"]
[WhiteElo "2448"]
[BlackElo "2618"]
[Annotator "TA"]
[PlyCount "58"]
[EventDate "2019.02.19"]
[EventCountry "RUS"]
[SourceTitle "playchess.com"]
[Source "ChessBase"]
[SourceQuality "1"]

{[%evp 19,58,14,14,0,16,0,0,0,0,0,0,0,0,-7,0,-24,-22,-21,-11,-22,-33,-47,-53,-58,-50,-51,-51,-51,-47,-47,-45,-68,-45,-48,-4,-6,0,0,0,0,0]} 1. e4 g6 2. d4 Bg7 3. Nf3 d6 4. Bc4 Nf6 5. Qe2 Nc6 6. h3 e5 {B06: Modern Defence} 7. dxe5 Nxe5 8. Nxe5 dxe5 9. Nc3 c6 10. O-O Nh5 {LiveBook: 3 Games} 11. Be3 (11. Qf3 {is more complex.} O-O 12. Rd1 Qe7 13. Bb3 b5 14. Be3) 11... O-O 12. Qd2 $146 ({Predecessor:} 12. Qf3 Qe7 13. Rad1 b5 14. Bb3 {0-1 (54) Vishnu,P (2518)-Saric,I (2695) St Petersburg 2018}) 12... Qxd2 13. Bxd2 b5 14. Bb3 a5 {[#] Strongly threatening ...a4.} 15. a3 Nf4 (15... a4 $5 16. Ba2 $8 Nf4 $11) 16. Rfd1 Ne6 17. Bxe6 Bxe6 18. Be3 Rfd8 19. a4 b4 20. Ne2 {[#]} c5 $1 {[%mdl 512]} 21. Kf1 (21. Bxc5 Rdc8) 21... Bf6 22. Ng1 Be7 23. Nf3 f6 24. Rxd8+ Rxd8 25. Ke1 Kf7 26. Nd2 Rd7 27. b3 {The position is equal.} Ke8 28. Nc4 Bxc4 29. bxc4 Kf7 {Precision: White = 54%, Black = 55%.} 1/2-1/2

[Event "17th Aeroflot Open-A 2019"]
[Site "Moscow"]
[Date "2019.02.25"]
[Round "7.21"]
[White "Xu, Yinglun"]
[Black "Idani, Pouya"]
[Result "1/2-1/2"]
[WhiteElo "2512"]
[BlackElo "2604"]
[Annotator "TA"]
[PlyCount "57"]
[EventDate "2019.02.19"]
[EventCountry "RUS"]
[SourceTitle "playchess.com"]
[Source "ChessBase"]
[SourceQuality "1"]

{[%evp 30,57,31,20,29,0,15,25,33,30,34,37,28,37,39,0,0,0,7,0,0,0,3,0,0,0,15,0,0,-50]} 1. d4 f5 2. c4 Nf6 3. Nf3 g6 4. g3 Bg7 5. Bg2 d6 6. O-O O-O 7. Nc3 c6 8. d5 e5 9. dxe6 Bxe6 10. b3 Na6 11. Bb2 Qe7 12. Ng5 Bd7 13. Qd2 {A88: Dutch Defence: Leningrad System: 5 Nf3 0-0 6 0-0 d6 7 Nc3 c6} Rad8 (13... h6 14. Nh3 Be6 15. Rad1 Rad8 16. Ba3 Nc5 17. f4 Qc7 18. Nf2 Rfe8 19. Kh1 Qb6 20. Qc2 d5 21. cxd5 cxd5 22. Nxd5 Nxd5 23. Bxc5 {0-1 (33) Gelfand,B (2751)-Kamsky,G (2762) Tashkent 2012 CBM 152 [Ftacnik,L]}) 14. Rad1 Bc8 15. Rfe1 h6 16. Nh3 {LiveBook: 3 Games} Nc5 17. f4 Rfe8 $146 ({Predecessor:} 17... Nfe4 18. Nxe4 Nxe4 19. Qc2 Rfe8 20. e3 Be6 {½-½ (35) Panzer,P (2420)-Kalinitschew,S (2465) Germany 1995}) 18. Nf2 Nce4 19. Ncxe4 Nxe4 20. Qc1 Bxb2 21. Qxb2 Qf6 22. Qxf6 Nxf6 {The position is equal.} 23. e4 Kf7 24. Bf3 fxe4 25. Nxe4 Nxe4 26. Rxe4 Rxe4 27. Bxe4 Bg4 28. Re1 Kf6 29. Ra1 1/2-1/2

[Event "17th Aeroflot Open-A 2019"]
[Site "Moscow"]
[Date "2019.02.25"]
[Round "7.22"]
[White "Kovalev, Vladislav"]
[Black "Petrosyan, Manuel"]
[Result "1/2-1/2"]
[WhiteElo "2703"]
[BlackElo "2564"]
[Annotator "TA"]
[PlyCount "64"]
[EventDate "2019.02.19"]
[EventCountry "RUS"]
[SourceTitle "playchess.com"]
[Source "ChessBase"]
[SourceQuality "1"]

{[%evp 9,64,14,16,27,33,33,32,22,31,26,22,29,39,25,25,20,20,0,0,4,0,-49,-49,-68,-68,-71,-69,-75,-70,-70,-69,-75,-66,-67,-59,-73,-73,-74,-78,-160,-144,-203,-159,-150,-160,-168,-141,-173,-60,-124,-124,-103,-92,-105,-84,-129,-112]} 1. d4 d5 2. Bf4 Bf5 3. e3 e6 4. c4 (4. Nf3 Nf6 5. c4 Bxb1 6. Qxb1 Bb4+ 7. Kd1 Bd6 8. Bg5 Be7 9. Bd3 h6 10. Bxf6 Bxf6 11. cxd5 exd5 12. b4 c6 13. Ke2 Nd7 {½-½ (25) Ponomariov,R (2681)-Mamedov,R (2699) Batumi 2018}) 4... Bxb1 5. Qa4+ Nc6 ({But not} 5... b5 6. Qxb5+ Nd7 7. Rxb1 $16) 6. Rxb1 {D00: 1 d4 d5: Unusual lines} Bb4+ 7. Kd1 $1 dxc4 8. Bxc4 $146 {White is slightly better.} ({Predecessor:} 8. b3 c3 9. Bb5 Qd5 10. Ne2 O-O-O 11. Bxc6 Qxc6 12. Qxc6 bxc6 {1-0 (31) Drozd,L (1784)-Szalbierz,P (1457) Polanica Zdroj 2013}) 8... a6 9. Bd3 Bd6 {aiming for ...Bxf4.} 10. Bg3 Nf6 11. Nf3 O-O 12. Ke2 Nb4 13. Ne5 Nxd3 14. Nxd3 Ne4 15. Qc2 Qg5 16. Rhc1 Qh5+ 17. Kf1 Nxg3+ 18. hxg3 Qh1+ 19. Ke2 Qxg2 20. Rh1 {Nf4 is the strong threat.} h6 $36 {[%mdl 2048] Black has some pressure.} 21. Rbg1 Qe4 22. Rh4 Qg6 23. g4 Rac8 24. Rh5 {[#]} (24. Qc4 $142) 24... f5 $1 $17 {[%cal Rf5g4]} 25. Ne1 (25. Ne5 $17 Bxe5 26. dxe5) 25... c5 {Hoping for ...cxd4.} 26. d5 exd5 27. Nf3 Qe8 {White must now prevent ...fxg4.} 28. Qd3 Qe4 ({Better is} 28... d4 $19 {And now ...fxg4 would win.} 29. Rh4 Be7) 29. gxf5 {[#]} (29. Qxe4 $15 dxe4 30. Nd2) 29... Qxd3+ $1 {Black is better.} 30. Kxd3 Rf6 31. Rd1 Rd8 32. Kc2 Bf8 {Accuracy: White = 48%, Black = 74%.} 1/2-1/2

[Event "17th Aeroflot Open-A 2019"]
[Site "Moscow"]
[Date "2019.02.25"]
[Round "7.23"]
[White "Mamedov, Rauf"]
[Black "Abdusattorov, Nodirbek"]
[Result "1/2-1/2"]
[WhiteElo "2703"]
[BlackElo "2560"]
[Annotator "TA"]
[PlyCount "128"]
[EventDate "2019.02.19"]
[EventCountry "RUS"]
[SourceTitle "playchess.com"]
[Source "ChessBase"]
[SourceQuality "1"]

{[%evp 12,128,3,0,0,0,0,0,0,0,0,0,2,2,3,6,6,14,18,17,23,15,8,10,28,29,19,7,7,7,13,0,62,68,53,16,22,0,0,0,55,62,60,35,87,81,119,90,76,37,53,53,53,55,96,77,89,34,27,47,43,18,19,8,3,8,3,0,0,0,0,0,0,0,0,0,0,0,0,0,0,0,0,0,0,0,0,0,0,0,-5,-5,-5,-5,-5,-5,-5,-8,0,-21,-5,-5,-5,-5,0,0,0,0,0,0,0,-8,-8,-8,0,-8,0,-8,0]} 1. e4 e5 2. Nf3 Nc6 3. Nc3 Nf6 4. Bb5 Bc5 5. Nxe5 Nxe5 6. d4 Bd6 7. f4 Neg4 {C48: Four Knights: 4 Bb5, replies other than 4...Bb4} 8. e5 {Strongly threatening h3.} Bb4 9. O-O O-O 10. f5 Re8 11. exf6 (11. Nd5 Nxe5 12. Nxb4 Nc6 13. a3 a6 14. Bd3 a5 15. Nxc6 dxc6 16. c3 {½-½ (30) Kovalev,V (2664)-Aronian,L (2780) Batumi 2018}) 11... Nxf6 12. Qf3 c6 {Hoping for ...Bxc3.} 13. Bd3 d5 14. Bg5 {[#]} Qd6 $146 ({Predecessor:} 14... Be7 15. Rae1 Bd7 16. Kh1 {½-½ (23) Skripchenko,A (2460)-Korneev,O (2559) Bastia 2003}) 15. Bf4 Qf8 16. g4 Bxc3 17. bxc3 Ne4 18. c4 Bd7 19. a4 {[%cal Ba2a4,Ba4a5][%mdl 32]} b6 20. a5 Qb4 21. Kh1 Qb2 ({Black should play} 21... b5 $11) 22. Be3 $14 Qc3 23. axb6 axb6 24. Rxa8 Rxa8 25. Qf4 Be8 (25... h6 $11) 26. g5 Qb4 27. f6 Qd6 (27... g6 $14) 28. Qh4 Qe6 29. fxg7 Bd7 30. Qf4 Re8 31. cxd5 cxd5 32. Qf3 Re7 33. Bf4 Qh3 34. Be5 (34. Bxe4 $16 dxe4 35. Qxh3 Bxh3 36. Rb1) 34... Qxf3+ 35. Rxf3 Nxg5 36. Rf6 Re6 $1 {The position is equal.} 37. Rf4 Ne4 38. c4 Bc6 $1 39. Kg1 {cxd5 is the strong threat.} dxc4 40. Bxe4 Bxe4 41. Rxe4 $11 {[%mdl 4096] Endgame KRB-KR} f6 42. d5 Re8 $1 {[%mdl 64] [#] Pin} ({Don't go for} 42... Rxe5 $2 43. Rxe5 fxe5 44. d6 $18) 43. d6 fxe5 44. Rxc4 {aiming for d7.} Kxg7 {KR-KR} 45. Rc6 Rd8 46. Rxb6 Rd7 47. Kf2 Kf6 48. Ke3 Ke6 49. Ke4 Rxd6 50. Rb4 Kf6 51. Ra4 Rc6 52. Rb4 Ra6 53. Rc4 Ke6 54. Rb4 Kf6 55. Rc4 Ra2 {White should prevent ...Re2+.} 56. Rc6+ Kg5 {Threatens to win with ...Re2+.} 57. h4+ {[%mdl 64] [#] Decoy} Kxh4 {And now ...Kg5 would win.} 58. Rh6+ Kg4 59. Rxh7 Re2+ 60. Kd3 Re1 61. Kd2 Re4 62. Kd3 Re1 63. Kd2 Re4 64. Kd3 Re1 {Accuracy: White = 68%, Black = 57%.} 1/2-1/2

[Event "17th Aeroflot Open-A 2019"]
[Site "Moscow"]
[Date "2019.02.25"]
[Round "7.24"]
[White "Karthikeyan, Murali"]
[Black "Sethuraman, S.P."]
[Result "1/2-1/2"]
[WhiteElo "2560"]
[BlackElo "2651"]
[Annotator "TA"]
[PlyCount "56"]
[EventDate "2019.02.19"]
[EventCountry "RUS"]
[SourceTitle "playchess.com"]
[Source "ChessBase"]
[SourceQuality "1"]

{[%evp 9,56,20,20,20,27,20,16,16,17,20,20,20,12,10,10,11,21,22,58,22,31,0,0,-14,-6,-16,-18,-20,-15,-22,-20,-30,-25,-22,-29,-16,6,9,17,15,23,25,35,0,30,14,14,22,42]} 1. e4 e5 2. Nf3 Nc6 3. Bb5 Nf6 4. d3 Bc5 5. Bxc6 dxc6 6. Nbd2 {C65: Ruy Lopez: Berlin Defence (3...Nf6), unusual lines and 4 0-0 Bc5} Be6 7. O-O Bd6 8. b3 Nd7 9. Nc4 Bxc4 10. bxc4 O-O 11. Bg5 Be7 12. Be3 a6 $146 ({Predecessor:} 12... Bd6 13. g3 g6 {0-1 (60) Saric,I (2666)-Radjabov,T (2734) Wijk aan Zee 2015}) 13. c3 b5 14. d4 Bf6 15. c5 Re8 16. Qc2 Qe7 17. Nd2 b4 $1 18. Rac1 bxc3 19. Qxc3 exd4 20. Bxd4 Bxd4 21. Qxd4 Rad8 22. Qe3 Ne5 23. Nb3 Rd3 24. Qe2 {[#] aiming for f4.} Qd7 25. f4 Ng6 26. g3 Rd8 (26... a5 $5) 27. Rf3 Rxf3 28. Qxf3 Nf8 {Accuracy: White = 49%, Black = 69%.} 1/2-1/2

[Event "17th Aeroflot Open-A 2019"]
[Site "Moscow"]
[Date "2019.02.25"]
[Round "7.25"]
[White "Afanasiev, Nikita"]
[Black "Iturrizaga Bonelli, Eduardo"]
[Result "1-0"]
[WhiteElo "2508"]
[BlackElo "2640"]
[Annotator "TA"]
[PlyCount "53"]
[EventDate "2019.02.19"]
[EventCountry "RUS"]
[SourceTitle "playchess.com"]
[Source "ChessBase"]
[SourceQuality "1"]

{[%evp 10,53,31,25,25,25,36,26,42,34,38,27,37,29,48,38,103,103,118,118,123,122,126,119,147,144,147,131,133,114,148,127,127,97,162,171,145,153,319,316,506,517,597,600,708,703]} 1. d4 Nf6 2. Nf3 b6 3. c4 e6 4. a3 Bb7 5. Nc3 d6 6. d5 g6 {E12: Queen's Indian: Unusual White 4th moves, 4 a3, 4 Nc3 Bb7 5 a3 and 4 Nc3 Bb7} 7. g3 Bg7 8. Bg2 O-O {White has an edge.} 9. O-O Re8 $146 ({Predecessor:} 9... Qe7 10. Re1 c5 11. e4 e5 12. b4 Nbd7 13. Rb1 Nh5 14. Bg5 {1-0 (49) Sriram,J (2375)-Bokros,A (2485) Gent 2014}) 10. e4 Nbd7 11. Nd4 a5 12. Rb1 e5 (12... exd5 $14 13. exd5 Re7) 13. Ndb5 $16 Nc5 14. b4 axb4 15. axb4 Na6 16. Be3 h5 17. Bg5 Qd7 18. Qd3 Rf8 19. Na4 Kh7 20. Rfc1 Ng8 21. Nbc3 Bh6 (21... Bc8 $16) 22. Bxh6 $18 Nxh6 {[#]} 23. c5 $1 {[%mdl 512]} dxc5 $2 (23... bxc5 $16 24. bxc5 Bc8) 24. bxc5 Bc6 $2 (24... Rfd8 25. Qc4 Qe7 26. cxb6 cxb6) 25. cxb6 {[%cal Bc5b6,Bb6b7][%mdl 32] White is clearly winning.} Bxa4 26. b7 Ra7 27. Qe3 {Accuracy: White = 81%, Black = 44%.} 1-0

[Event "17th Aeroflot Open-A 2019"]
[Site "Moscow"]
[Date "2019.02.25"]
[Round "7.26"]
[White "Ganguly, Surya Shekhar"]
[Black "Santos Ruiz, Miguel"]
[Result "1/2-1/2"]
[WhiteElo "2636"]
[BlackElo "2554"]
[Annotator "TA"]
[PlyCount "32"]
[EventDate "2019.02.19"]
[EventCountry "RUS"]
[SourceTitle "playchess.com"]
[Source "ChessBase"]
[SourceQuality "1"]

{[%evp 18,32,0,0,0,0,0,-11,0,-6,-3,0,0,-26,-5,-35,-24]} 1. Nf3 d5 2. g3 g6 3. Bg2 Bg7 4. d4 Nd7 5. O-O Ngf6 6. c4 {D02: 1 d4 d5 2 Nf3 sidelines, including 2...Nf6 3 g3 and 2...Nf6 3 Bf4} dxc4 7. Na3 Nb6 8. Nxc4 Nxc4 9. Qa4+ c6 10. Qxc4 {LiveBook: 10 Games} Be6 11. Qa4 $146 ({Predecessor:} 11. Qb4 Qb6 12. Qa3 {½-½ (111) Sasikiran,K (2673)-Petrosyan,M (2565) Sitges 2018}) 11... Bd5 12. Bf4 O-O 13. Be5 Qb6 14. Qa3 Rfe8 15. Rfe1 a5 16. Nd2 Bh6 1/2-1/2

[Event "17th Aeroflot Open-A 2019"]
[Site "Moscow"]
[Date "2019.02.25"]
[Round "7.27"]
[White "Indjic, Aleksandar"]
[Black "Hakobyan, Aram"]
[Result "0-1"]
[WhiteElo "2630"]
[BlackElo "2545"]
[Annotator "TA"]
[PlyCount "42"]
[EventDate "2019.02.19"]
[EventCountry "RUS"]
[SourceTitle "playchess.com"]
[Source "ChessBase"]
[SourceQuality "1"]

{[%evp 10,42,62,12,9,-18,0,0,-37,-52,-47,-269,-264,-270,-255,-260,-266,-251,-262,-401,-401,-444,0,-128,-144,-329,-156,-679,-675,-687,-676,-825,-822,-1082,-816]} 1. d4 e6 2. e4 d5 3. Nc3 dxe4 4. Nxe4 Bd7 5. Nf3 Bc6 6. Neg5 Nd7 {C10: French with 3 Nc3: Unusual Black 3rd moves and 3...dxe4} (6... Bd6 7. Bd3 h6 8. Ne4 Nf6 9. Qe2 Nxe4 10. Bxe4 Bxe4 11. Qxe4 c6 12. O-O O-O 13. c4 Nd7 14. Rd1 {½-½ (26) Tari,A (2570)-Blomqvist,E (2545) Vasteras 2016}) 7. Nxf7 Kxf7 8. Ng5+ Ke8 {The position is equal.} 9. Bc4 Bxg2 10. Nxe6 $146 (10. Rg1 $15 Qe7 11. Bxe6 (11. Rxg2 $2 Qb4+ {[%mdl 64] Double Attack} 12. Kf1 Qxc4+ $19)) ({Predecessor:} 10. Rg1 Bd5 11. Bxd5 exd5 12. Qe2+ Qe7 13. Ne6 Ngf6 14. Nxc7+ {0-1 (58) Makaraci,T (2021)-Sari,Y (2330) Cesme 2018}) 10... Qe7 $19 {Strongly threatening ...Qb4+.} 11. Qe2 {And now Rg1 would win.} Bxh1 12. Bg5 Ngf6 13. O-O-O {[#]} Be4 $1 14. Nxc7+ (14. Re1 $142) 14... Kd8 15. Ne6+ Ke8 $2 (15... Kc8 $19 16. d5 Bf5) 16. d5 (16. Nc7+ $1 $11 Kd8 17. Nxa8) 16... Rc8 $17 17. Rd4 $2 (17. d6 $17 Qxe6 18. Bxe6 Rxc2+ 19. Qxc2 Bxc2 20. Kxc2) 17... Bf5 (17... Qd6 $19 {is more deadly.} 18. Bf4 Qb6 19. Rxe4 Nxe4 20. Qxe4 Nf6) 18. c3 $2 {[#]} (18. d6 $17 Qxe6 19. Bxe6 Rxc2+ 20. Qxc2 Bxc2 21. Kxc2) 18... Rxc4 $1 $19 {Black is clearly winning.} 19. Qxc4 {intending Nc7+.} (19. Rxc4 Nc5) 19... Kf7 20. Qc7 {[#]} Nc5 $1 21. Nd8+ (21. Nxc5 Qxc7) 21... Ke8 0-1